| 000 | 00808nam a22002177a 4500 | ||
|---|---|---|---|
| 005 | 20081022111521.0 | ||
| 008 | 081022t xxu||||| |||| 00| 0 eng d | ||
| 010 | _aENG-84289 | ||
| 020 | _a0195684168 | ||
| 020 | _c650.00 (hb) | ||
| 035 | _aEN-67822 | ||
| 082 | _a305.569091724 | ||
| 245 |
_aMeasuring empowerment : _bcross-disciplinary perspectives / _cedited by Deepa Narayan |
||
| 260 |
_aNew Delhi _bOxford University Press |
||
| 260 | _c2006 | ||
| 300 |
_axx,475p _c23cm |
||
| 500 | _aIncludes bibliographical references and index | ||
| 700 |
_aNarayan, Deepa _ced |
||
| 942 |
_2ddc _cEN _h305.569091724 _mMEA |
||
| 999 |
_c17628 _d17628 |
||